| 000 | 00487nam a2200169 a 4500 | ||
|---|---|---|---|
| 005 | 20140414132121.0 | ||
| 008 | 120822s19uu xx 00 eng d | ||
| 020 | _a0865300909 | ||
| 050 |
_aTR 745 _bF737 1983 |
||
| 100 | _aForte, Omogene | ||
| 245 |
_aArts & crafts: _bfromthings around the house. |
||
| 260 |
_aNashville, Tennessee : _bIncentive Publications, _c1983. |
||
| 300 | _a79 | ||
| 440 | _aThe Tabletop learning series | ||
| 650 | _aArts-home-decorative. | ||
| 999 |
_c115062 _d115062 |
||